90 längste Flüsse - Statistiken

Allgemein
  • Dieses Quiz wurde 6 mal gespielt
  • Das Durchschnittsergebnis liegt bei 16 aus 90
Antwortstatistiken
Rang Länge Fluss % Korrekt
2. 6'400 km Amazonas
100%
45. 1'904 km Don
100%
27. 2'857 km Donau
100%
1. 6'650 km Nil
100%
13. 4'184 km Niger
83%
79. 1'239 km Rhein
83%
17. 3'530 km Wolga
83%
78. 1'245 km Elbe
67%
9. 4'835 km Kongo
67%
10. 4'692 km Lena
67%
11. 4'500 km Mekong
67%
4. 6'051 km Mississippi
67%
30. 2'574 km Sambesi
67%
22. 3'034 km Rio Grande
50%
33. 2'428 km Ural
50%
7. 5'052 km Amur
33%
34. 2'333 km Colorado River
33%
62. 1'438 km Colorado River
33%
37. 2'201 km Dnepr
33%
21. 3'180 km Indus
33%
3. 6'380 km Jangtsekiang
33%
5. 5'540 km Jenissei
33%
12. 4'260 km Mackenzie
33%
24. 3'010 km Orinoco
33%
70. 1'352 km Dnister
17%
8. 4'845 km Huáng Hé
17%
52. 1'750 km Limpopo
17%
6. 5'410 km Ob
17%
41. 2'160 km Oranje
17%
14. 3'998 km Paraná
17%
74. 1'300 km Río Negro
17%
26. 2'930 km Sankt-Lorenz-Strom
17%
63. 1'430 km Senegal
17%
47. 1'819 km Volta
17%
57. 1'590 km Alaseja
0%
28. 2'743 km Amudarja
0%
83. 1'146 km Anadyr
0%
42. 2'060 km Brazos River
0%
55. 1'636 km Chatanga
0%
77. 1'254 km Cherlen
0%
56. 1'609 km Churchill River
0%
36. 2'240 km Columbia River
0%
81. 1'160 km Comoé
0%
64. 1'420 km Cooper Creek
0%
89. 1'120 km Fly
0%
66. 1'368 km Fraser River
0%
90. 1'120 km Gambia
0%
86. 1'130 km Georgina River
0%
60. 1'465 km Godavari
0%
88. 1'124 km Hari Rud
0%
85. 1'130 km Hilmend
0%
61. 1'439 km Ili
0%
43. 1'977 km Indigirka
0%
40. 2'170 km Irrawaddy
0%
59. 1'492 km Jana
0%
44. 1'910 km Juba
0%
84. 1'143 km Kapuas
0%
68. 1'355 km Kizilirmak
0%
31. 2'513 km Kolyma
0%
75. 1'291 km Krishna
0%
67. 1'364 km Kura
0%
80. 1'165 km Kuskokwim River
0%
71. 1'345 km Liao
0%
18. 3'450 km Meghna
0%
73. 1'310 km Mobile River
0%
15. 3'672 km Murray River
0%
72. 1'312 km Narmada
0%
29. 2'671 km Nelson River
0%
49. 1'806 km Nördliche Dwina
0%
50. 1'800 km Okavango
0%
35. 2'292 km Olenjok
0%
48. 1'809 km Petschora
0%
69. 1'355 km Pjassina
0%
46. 1'872 km Río Colorado
0%
76. 1'281 km Río Grande de Santiago
0%
58. 1'538 km Río Magdalena
0%
54. 1'716 km Rio Parnaíba
0%
19. 3'199 km Rio São Francisco
0%
32. 2'450 km Rio Tocantins
0%
51. 1'790 km Río Uruguay
0%
82. 1'149 km Roter Fluss
0%
25. 2'980 km Saluen
0%
53. 1'740 km Schari
0%
16. 3'596 km Schatt al-Arab
0%
87. 1'126 km Sepik
0%
23. 3'019 km Syrdarja
0%
39. 2'190 km Tarim
0%
65. 1'401 km Tas
0%
38. 2'197 km Xi Jiang
0%
20. 3'185 km Yukon River
0%
Keine übereinstimmenden Quizze gefunden
Verteilung der Resultate
Anzahl Personen mit jedem Resultat
Perzentil nach korrekt beantworteten Fragen
Ihre Resultats-Entwicklung
Sie haben dieses Quiz noch nicht gespielt